| 000 | 00732cab a2200241 4500 | ||
|---|---|---|---|
| 001 | ABS56507 | ||
| 008 | 090401t1997 xxu||||| |||| 00| 0 eng d | ||
| 035 | _a(Sirsi) u24148 | ||
| 041 | _aeng | ||
| 100 | _aRobinson, J. | ||
| 245 | 2 | _aA whole new ball game | |
| 260 | _c1997 | ||
| 350 | _a0 | ||
| 490 |
_aEstates Gazette _v(9705) 1 February 1997, 74-75(2) |
||
| 520 | _aLooks at how football clubs have had to turn to retail and leisure development to meet growing costs. | ||
| 650 | _aFOOTBALL CLUBS | ||
| 650 | _aFOOTBALL STADIA | ||
| 650 | _aLEISURE MARKET | ||
| 650 | _aPROPERTY-COMMERCIAL PROPERTY-RETAIL PROPERTY-RETAIL PROPERTY MARKET | ||
| 690 | _aLEISURE AND RECREATION | ||
| 942 | _n0 | ||
| 948 | _c04/03/1997 | ||
| 999 |
_c16176 _d16176 |
||